000 01369nam a2200217Ia 4500
003 Ost
005 20260416102355.0
008 260416s9999||||xx |||||||||||||| ||und||
040 _cfsecg
041 _aara
082 _a380.1
100 _aبوالقمح، هدى
_eمؤلف
245 0 _aمحاضرات في مقياس التسويق /
_c هدى بوالقمح
260 _aالجزائر
_bجامعة الجزائر3: كلية العلوم الإقتصادية، العلوم التجارية وعلوم التسيير
_c2020
300 _a131 ورقة
_bايضاحات
_c30 سم
504 _aمراجع ص.125
520 _aماهية التسويق و تطور فلسفته و دراسة و تحليل البيئة التسويقية و دراسة سلوك المستهلك و ماهية السوق و مار استهدافه ة نظام المعلومات التسويقي و استراتيجية كل من المنتج و السعر و التوزيع و الترويج و أخيرا الممارسات الحديثة للتسويق بتناول تسويق الخدمات و التسويق الالكتروني و التسويق الاخضر
653 _aالتسويق
710 _aجامعة الجزائر3: كلية العلوم الإقتصادية، العلوم التجارية وعلوم التسيير
_eناشر علمي
942 _cHANDOUT
999 _c41176
_d41176